Loading...
| Literature - World Literature | 1 | 4 | 0 | 0 | 55 | 83 | 114.00 | 0 | 2 |
| History - American History | 0 | 3 | 0 | 1 | 30 | 85 | 111.67 | 0 | 1 |
| Literature - British Literature | 0 | 2 | 0 | 0 | 20 | 94 | 113.00 | 0 | 1 |
| Social Science | 0 | 2 | 0 | 0 | 20 | 99 | 101.50 | 0 | 1 |
| Literature - American Literature | 0 | 2 | 0 | 1 | 20 | 125 | 133.00 | 0 | 0 |
| Visual Arts | 0 | 2 | 1 | 1 | 15 | 105 | 117.50 | 0 | 2 |
| Literature - European Literature | 0 | 2 | 1 | 0 | 15 | 62 | 83.00 | 0 | 1 |
| History - European History | 0 | 1 | 0 | 1 | 10 | 120 | 120.00 | 0 | 0 |
| Auditory Arts | 0 | 1 | 1 | 0 | 5 | 145 | 145.00 | 0 | 0 |
| Fine Arts - Other Arts | 0 | 1 | 1 | 0 | 5 | 133 | 133.00 | 0 | 1 |
| History - World History | 0 | 1 | 1 | 0 | 5 | 131 | 131.00 | 0 | 0 |
| Beliefs | 0 | 0 | 0 | 0 | 0 | 0.00 | 0 | 0 | |
| History - Other History | 0 | 0 | 1 | 0 | -5 | 0.00 | 0 | 0 | |
| History - Ancient History | 0 | 0 | 1 | 0 | -5 | 0.00 | 0 | 0 | |
| Current Events | 0 | 0 | 1 | 0 | -5 | 0.00 | 0 | 0 |